Statistiques concernant Capitales commençant par M

Cliquez ici pour prendre le quiz!

Statistiques générales

  • Ce quiz a été pris 730 fois
    (566 depuis la dernière actualisation)
  • Le résultat moyen est 11 sur 20

Statistiques - réponses

Capitales% Correct
Madrid
91%
Moscou
76%
Mexico
69%
Monaco
68%
Manille
67%
Managua
61%
Maputo
60%
Minsk
60%
Manama
59%
Mogadiscio
59%
Montevideo
59%
Malé
57%
Monrovia
53%
Mascate
52%
Mbabane
43%
Moroni
42%
Malabo
41%
Maseru
41%
Majuro
38%
Melekeok
8%

Distribution des résultats

Percentile par nombre de réponses

% des personnes avec chaque résultat

Votre développement - résultats

Vous n’avez pas pris ce quiz depuis la dernière actualisation